书目信息 |
| 题名: |
理论力学
|
|
| 作者: | 刘俊杰, 苏枋主编 | |
| 分册: | ||
| 出版信息: | 北京 中国农业大学出版社 2005.02 |
|
| 页数: | 338页 | |
| 开本: | 26cm | |
| 丛书名: | ||
| 单 册: | ||
| 中图分类: | O31 | |
| 科图分类: | ||
| 主题词: | 理论力学-高等学校 | |
| 电子资源: | ||
| ISBN: | 7-81066-837-4 | |
| 000 | 00786nam0 2200229 45 | |
| 001 | 010463902937 | |
| 005 | 20070607092638.04 | |
| 010 | @a7-81066-837-4@dCNY25.00 | |
| 100 | @a20061027d2005 ekmy0 y0120 ea | |
| 102 | @aCN@b110000 | |
| 105 | @ay z 000yy | |
| 200 | 1 | @a理论力学@f刘俊杰, 苏枋主编 |
| 210 | @a北京@c中国农业大学出版社@d2005.02 | |
| 215 | @a338页@c图@d26cm | |
| 300 | @a高等农林院校精品课程建设教材 | |
| 330 | @a本书主要内容包括理论力学的基本概念、受力图、平面力系和空间力系统的简化与平衡,点的运动学、刚体的基本运动、点的合成运动、刚体的平面运动,质点动力学、动力学普遍定理、达朗贝尔原理和虚位移原理等。 | |
| 606 | 1 | @a理论力学-高等学校 |
| 690 | @aO31@v4 | |
| 701 | 0 | @a刘俊杰, 苏枋主编 |
| 801 | 0 | @aCN@c20070607 |
| 905 | @dO31@eL632 | |
| 906 | @dCNY25.00@n3@r1 | |
| 理论力学/刘俊杰, 苏枋主编.-北京:中国农业大学出版社,2005.02 |
| 338页:图;26cm |
| 高等农林院校精品课程建设教材 |
| ISBN 7-81066-837-4:CNY25.00 |
| 本书主要内容包括理论力学的基本概念、受力图、平面力系和空间力系统的简化与平衡,点的运动学、刚体的基本运动、点的合成运动、刚体的平面运动,质点动力学、动力学普遍定理、达朗贝尔原理和虚位移原理等。 |
| ● |
| 相关链接 |
|
|
|
正题名:理论力学
索取号:O31/L632
 
预约/预借
| 序号 | 登录号 | 条形码 | 馆藏地/架位号 | 状态 | 备注 |
| 1 | 231593 | 202315930 | 自科库401/401自科库 51排4列1层/ [索取号:O31/L632] | 在馆 | |
| 2 | 231594 | 202315949 | 自科库401/401自科库 51排4列1层/ [索取号:O31/L632] | 在馆 | |
| 3 | 231595 | 202315958 | 自科库401/401自科库 51排4列1层/ [索取号:O31/L632] | 在馆 |